000 00188 a2200097 4500
020 _a8437230136
041 _aspa
100 _aSherard,Hernest H
245 _aEl Rincon de Puh
942 _cBK
999 _c31755
_d31753